00534nam a2200121Ia 4500008004100000020001800041245015100059260002200210440002000232650001600252650010000268856004400368171212s9999 xx 000 0 und d a9781925021271 ceditor Dizon, Eusebio;Bellwood, Petera4000 Years of Migration and Cultural ExchangebThe Archaeology of the Batanes Islands, Northern Philippines bANU E Pressc2013 aTerra Australis aArchaeology aPrehistoric peoples -- Philippines -- Batan Islands; Batan Islands (Philippines) -- Antiquities uhttp://www.jstor.org/stable/j.ctt5hgz91